Alternative American ceramics, 1870-1955 : (Record no. 17213)

000 -LEADER
fixed length control field 01207cam a22003255a 4500
008 - FIXED-LENGTH DATA ELEMENTS--GENERAL INFORMATION
fixed length control field 100924s2010 xx b b 000 0 eng d
010 ## - LIBRARY OF CONGRESS CONTROL NUMBER
LC control number 2010937940
020 ## - INTERNATIONAL STANDARD BOOK NUMBER
International Standard Book Number 9780764336102
020 ## - INTERNATIONAL STANDARD BOOK NUMBER
International Standard Book Number 076433610X
050 00 - LIBRARY OF CONGRESS CALL NUMBER
Classification number NK4007 .F67 2010
100 1# - MAIN ENTRY--PERSONAL NAME
Personal name Forster, Ken.
245 10 - TITLE STATEMENT
Title Alternative American ceramics, 1870-1955 :
Remainder of title the other american art pottery /
Statement of responsibility, etc. Ken Forster.
260 ## - PUBLICATION, DISTRIBUTION, ETC. (IMPRINT)
Place of publication, distribution, etc. Atglen :
Name of publisher, distributor, etc. Schiffer Publishing,
Date of publication, distribution, etc. 2010
300 ## - PHYSICAL DESCRIPTION
Extent 320 p. :
Other physical details ill. ;
Dimensions 29 cm.
504 ## - BIBLIOGRAPHY, ETC. NOTE
Bibliography, etc Includes bibliographical references (p. 302-320).
650 #0 - SUBJECT ADDED ENTRY--TOPICAL TERM
Topical term or geographic name as entry element Pottery, American
Chronological subdivision 19th century.
650 #0 - SUBJECT ADDED ENTRY--TOPICAL TERM
Topical term or geographic name as entry element Pottery, American
Chronological subdivision 20th century.
650 #0 - SUBJECT ADDED ENTRY--TOPICAL TERM
Topical term or geographic name as entry element Porcelain, American
Chronological subdivision 19th century.
650 #0 - SUBJECT ADDED ENTRY--TOPICAL TERM
Topical term or geographic name as entry element Porcelain, American
Chronological subdivision 20th century.
942 ## - ADDED ENTRY ELEMENTS (KOHA)
Source of classification or shelving scheme
Koha item type Hard Covered Materials
Classification part NK4007 .F67 2010
Holdings
Withdrawn status Lost status Source of classification or shelving scheme Damaged status Not for loan Home library Current library Shelving location Date acquired Source of acquisition Total Checkouts Full call number Barcode Date last seen Price effective from Koha item type
          MACHAKOS UNIVERSITY LIBRARY MACHAKOS UNIVERSITY LIBRARY Technical section 22/11/2016 Donation(BFA)   NK4007 .F67 2010 28047 17/07/2018 22/11/2016 Hard Covered Materials
© Machakos University Library, Along The Highway, Machakos Wote Rd, Machakos, Kenya P.O. Box 136 - 90100 Machakos - Kenya

Tel: ( +254 ) 723 805829 OR Fax : 044-20353 OR Email: library@mksu.ac.ke